000 00418nam a2200169Ia 4500
003 GCL
008 140319s9999 xx 000 0 ara d
040 _aGCL /
_cGCL
082 0 4 _aط
_b649.5
_bس ل
100 1 _aسفير
245 1 0 _aلعبة التحدى /
_cسفير
260 _a[S.N] :
_bسفير
490 _a
650 0 4 _aالاطفال
650 0 4 _aالالعاب التعليمية
942 _2ddc
_cBK
999 _c56903
_d56903